|
|
|
|
| LEADER |
00000nam a22000007a 4500 |
| 005 |
20210819133759.0 |
| 007 |
cr|||| |||| |
| 008 |
210819s2015 br |||||s|||| 00||0 por d |
| 020 |
|
|
|a 978-85-8310-053-9
|
| 035 |
|
|
|a 35107
|
| 040 |
|
|
|a vLex
|
| 090 |
|
|
|c 12067
|d 12067
|
| 100 |
1 |
|
|a Da Silva Martins, Ives Gandra
|
| 245 |
1 |
1 |
|a O estado ̉luz da histr̤ia, da filosofia e do direito
|h [Recurso electrn̤ico] /
|c Ives Gandra Da Silva Martins
|
| 256 |
|
|
|a Servicio en ln̕ea
|
| 260 |
|
|
|a San Pablo:
|b Editora Noeses,
|c 2015
|
| 300 |
|
|
|a 1 recurso electrn̤ico
|
| 500 |
|
|
|a O autor, na multiplicidade de seus aspectos, detm̌-se em consideraė̳s sobre o Estado, mas nô se limita ̉perspectiva dos escritos tradicionais de Teoria Geral.
|
| 506 |
1 |
|
|a Disponible solo en los productos indicados
|d vLex Global
|d vLex Global (Academic Edition, excluding Law Schools)
|d vLex Global (U.S. Academic Edition, Law Schools)
|d vLex Global (U.S. Academic Edition, excluding Law Schools)
|d vLex Global (Academic Edition, Law Schools)
|
| 650 |
0 |
4 |
|a Derecho Militar
|z Brasil
|
| 740 |
0 |
|
|a vLex Libros (Servicio en ln̕ea)
|
| 856 |
4 |
0 |
|u https://app.vlex.com/#/sources/35107
|z Acceso restringido
|
| 942 |
|
|
|c BOOK
|
| 999 |
0 |
|
|a Military Law
|